01011nam a2200265 a 450000500170000000800410001702000150005804000240007304100080009704400070010508200180011210000240013024500520015425000220020626000520022830000670028050000220034765000560036965000360042565000350046170000640049694200150056099900150057595201550059020160429141831.0951010s1995 caua 001 0 eng  a1562763105 aDLCcDLCdCO-BoIAVH0 aeng ack00a005.758bS16g1 aSalemi, Joe.eautor10aGuide to client/server databases /cJoe Salemi. aSegunda edición aEmeryville, Calif. :bZiff-Davis Press,cc1995. axviii, 312 p.áginas:bilustraciones ;c24 x 19 centímetros aIncluye índice.14aProcesamiento de datosxProcesamiennto distribuido.24aBase de datosxadministración24aCliente/servidor computación1 aSalemi, Joe.tPC magazine guide to client/server databases. 2ddccLIBRO c2624d2624 00102ddc40708TICaVillabVillad2002-06-04eVarón, Andrésl0oLB-005.758 S16gp003202r2012-12-04 00:00:00tEj. 1w2012-12-04xDonacionyLIBRO